| 000 | 00412nam a2200145Ia 4500 | ||
|---|---|---|---|
| 008 | 220216s9999 xx 000 0 und d | ||
| 100 | _aSouthorn W A | ||
| 245 | 0 | _aLatex collection in disposable plastic bags and the use of expanded plastic rainguards | |
| 260 |
_bPlanters Bulletin _c1969 |
||
| 300 | _a156-164 | ||
| 650 | _aLatex collection | ||
| 650 | _aPlastic bags | ||
| 650 | _aRainguards | ||
| 942 | _cJS | ||
| 999 |
_c61996 _d61996 |
||